[Event "Novi Sad ol (Men)"]
[Site "Novi Sad"]
[Date "1990.??.??"]
[Round "14"]
[White "Ftacnik, Lubomir"]
[Black "Anand, Viswanathan"]
[Result "1/2-1/2"]
[WhiteElo "2550"]
[BlackElo "2610"]
[PlyCount "40"]
[EventDate "1990.11.??"]
[Source "ChessBase"]

1. d4 Nf6 2. Nf3 e6 3. c4 Bb4+ 4. Nbd2 d5 5. Qa4+ Nc6 6. a3 Be7 7. e3 O-O 8.
Qc2 a5 9. b3 Nb8 10. Be2 b6 11. e4 dxe4 12. Nxe4 Bb7 13. Bd3 Nc6 14. Bb2 Nxe4
15. Bxe4 f5 16. Bxc6 Bxc6 17. Qe2 Bxf3 18. Qxf3 Qd7 19. O-O Bf6 20. Qe2 Bxd4
1/2-1/2

[Event "Candidates m7"]
[Site "Madras"]
[Date "1991.??.??"]
[Round "4"]
[White "Anand, Viswanathan"]
[Black "Dreev, Alexey"]
[Result "1-0"]
[WhiteElo "2635"]
[BlackElo "2625"]
[PlyCount "81"]
[EventDate "1991.01.??"]
[Source "ChessBase"]

1. e4 e6 2. d4 d5 3. Nc3 Nf6 4. e5 Nfd7 5. f4 c5 6. Nf3 Nc6 7. Be3 a6 8. Qd2 b5
9. h4 Bb7 10. h5 b4 11. Na4 cxd4 12. Bf2 Qc7 13. Bd3 Na5 14. Nxd4 Nc4 15. Qc1
Bc6 16. Nxc6 Qxc6 17. b3 Na3 18. O-O Rc8 19. Qe3 g6 20. Qh3 Bh6 21. Be3 Nb5 22.
Rf3 Nc3 23. Nxc3 Qxc3 24. Raf1 Qc6 25. Kh1 Bg7 26. Bd4 Nc5 27. Bxc5 Qxc5 28. g4
Rc6 29. R1f2 Qd4 30. Qf1 Ke7 31. Rh2 a5 32. h6 Bf8 33. f5 gxf5 34. gxf5 Rg8 35.
fxe6 fxe6 36. Bxh7 Rc3 37. Bxg8 Qe4 38. Rhh3 Bxh6 39. Qg2 Qe1+ 40. Qg1 Qe4 41.
Qa7+ 1-0

[Event "Munich"]
[Site "Munich"]
[Date "1991.??.??"]
[Round "8"]
[White "Kindermann, Stefan"]
[Black "Anand, Viswanathan"]
[Result "1/2-1/2"]
[WhiteElo "2515"]
[BlackElo "2635"]
[PlyCount "31"]
[EventDate "1991.05.??"]
[Source "ChessBase"]

1. e4 d6 2. d4 Nf6 3. Nc3 g6 4. Nf3 Bg7 5. Be2 O-O 6. O-O Nc6 7. d5 Nb8 8. Be3
Bg4 9. h3 Bxf3 10. Bxf3 Nbd7 11. a4 a5 12. Be2 c6 13. Re1 Qc7 14. Bf1 Rfc8 15.
Qd2 Qd8 16. Bd4 1/2-1/2

[Event "Munich"]
[Site "Munich"]
[Date "1991.??.??"]
[Round "11"]
[White "Anand, Viswanathan"]
[Black "Hort, Vlastimil"]
[Result "1/2-1/2"]
[WhiteElo "2635"]
[BlackElo "2540"]
[PlyCount "29"]
[EventDate "1991.05.??"]
[Source "ChessBase"]

1. e4 c6 2. Nc3 d5 3. d4 dxe4 4. Nxe4 Bf5 5. Ng3 Bg6 6. h4 h6 7. Nf3 Nd7 8. h5
Bh7 9. Bd3 Bxd3 10. Qxd3 Ngf6 11. Bd2 e6 12. O-O-O Be7 13. Kb1 c5 14. Ne4 Rc8
15. Nxf6+ 1/2-1/2

[Event "Munich"]
[Site "Munich"]
[Date "1991.??.??"]
[Round "13"]
[White "Anand, Viswanathan"]
[Black "Christiansen, Larry Mark"]
[Result "1/2-1/2"]
[WhiteElo "2635"]
[BlackElo "2590"]
[PlyCount "31"]
[EventDate "1991.05.??"]
[Source "ChessBase"]

1. c4 c5 2. b3 Nf6 3. Bb2 b6 4. Bxf6 gxf6 5. g3 Bb7 6. Nf3 Nc6 7. Bg2 Bg7 8.
O-O e6 9. Nc3 f5 10. Rc1 O-O 11. e3 d6 12. d4 Qe7 13. Qd2 Rad8 14. Rfd1 Kh8 15.
d5 Ne5 16. Qe2 1/2-1/2

[Event "Tilburg"]
[Site "Tilburg"]
[Date "1991.??.??"]
[Round "7"]
[White "Anand, Viswanathan"]
[Black "Short, Nigel D"]
[Result "1/2-1/2"]
[WhiteElo "2650"]
[BlackElo "2660"]
[PlyCount "93"]
[EventDate "1991.10.??"]
[Source "ChessBase"]

1. e4 e5 2. Nf3 Nc6 3. Bb5 a6 4. Ba4 Nf6 5. O-O Be7 6. Bxc6 dxc6 7. Qe1 c5 8.
Nxe5 Qd4 9. Nf3 Qxe4 10. Qxe4 Nxe4 11. Re1 Nf6 12. b3 b6 13. Bb2 Be6 14. Ng5
Bd7 15. c4 Kf8 16. d4 Re8 17. Nf3 h5 18. Nbd2 Rh6 19. Nf1 cxd4 20. Bxd4 Bd6 21.
Rxe8+ Nxe8 22. Ne3 h4 23. h3 Rh5 24. Rd1 f6 25. Bc3 Kf7 26. Kf1 Bc6 27. Nd4 Be4
28. f3 Bb7 29. Ndf5 Ke6 30. Nd4+ Kf7 31. Be1 g6 32. Bf2 Bc5 33. Ne2 Bxe3 34.
Bxe3 Re5 35. Bf2 g5 36. Rd8 Re7 37. c5 bxc5 38. Bxc5 Re5 39. Bd4 Rd5 40. Rb8
Nd6 41. Kf2 a5 42. Be3 Rd3 43. Bc5 Bd5 44. Bxd6 cxd6 45. Ke1 a4 46. Nc1 axb3
47. axb3 1/2-1/2

[Event "Tilburg"]
[Site "Tilburg"]
[Date "1991.??.??"]
[Round "9"]
[White "Timman, Jan H"]
[Black "Anand, Viswanathan"]
[Result "1/2-1/2"]
[WhiteElo "2630"]
[BlackElo "2650"]
[PlyCount "141"]
[EventDate "1991.10.??"]
[Source "ChessBase"]

1. e4 e5 2. Nf3 Nf6 3. Nxe5 d6 4. Nf3 Nxe4 5. d4 d5 6. Bd3 Bd6 7. O-O O-O 8. c4
c6 9. cxd5 cxd5 10. Nc3 Nxc3 11. bxc3 Bg4 12. Rb1 Nd7 13. h3 Bh5 14. Rb5 Nb6
15. c4 Bxf3 16. Qxf3 dxc4 17. Bc2 Qd7 18. a4 Bc7 19. Rc5 Bd6 20. Rb5 Bc7 21.
Rc5 Bd6 22. a5 Nc8 23. Bf5 Qd8 24. a6 Ne7 25. axb7 Rb8 26. Bg5 f6 27. Be6+ Kh8
28. Bf4 Bxf4 29. Qxf4 Rxb7 30. d5 Ng6 31. Qxc4 Qb8 32. Rc1 Rb1 33. Rc7 Rxc1+
34. Qxc1 Rd8 35. Bf5 Qb6 36. Qc6 Qa5 37. Kh2 Nf8 38. Rc8 Rxc8 39. Bxc8 Qb6 40.
Bg4 Kg8 41. f4 Kf7 42. f5 g6 43. Be2 gxf5 44. Bh5+ Kg7 45. Be8 Qxc6 46. dxc6
Ne6 47. Kg3 Kf8 48. Bh5 Ke7 49. Bd1 Kd6 50. Ba4 a5 51. Kf3 Kc7 52. Ke3 Kd6 53.
g3 h6 54. h4 Nc5 55. Bc2 a4 56. Bxf5 Nb3 57. Bb1 Kxc6 58. Kf4 Nd4 59. Kg4 a3
60. Kh5 Ne2 61. Ba2 Nc1 62. Bf7 Kc5 63. Kxh6 Kb4 64. h5 Nb3 65. Kg7 a2 66. h6
a1=Q 67. h7 f5+ 68. Kg8 f4 69. h8=Q Qxh8+ 70. Kxh8 fxg3 71. Bd5 1/2-1/2

[Event "Tilburg"]
[Site "Tilburg"]
[Date "1991.??.??"]
[Round "13"]
[White "Karpov, Anatoly"]
[Black "Anand, Viswanathan"]
[Result "1-0"]
[WhiteElo "2730"]
[BlackElo "2650"]
[PlyCount "105"]
[EventDate "1991.10.??"]
[Source "ChessBase"]

1. d4 Nf6 2. c4 e6 3. Nf3 b6 4. g3 Ba6 5. b3 Bb7 6. Bg2 Bb4+ 7. Bd2 a5 8. O-O
O-O 9. Qc2 h6 10. Nc3 Re8 11. a3 Bxc3 12. Bxc3 Be4 13. Qd1 d5 14. Rc1 Nbd7 15.
Re1 Qc8 16. Bf1 Qb7 17. Nd2 Bh7 18. Bb2 c6 19. e3 b5 20. cxb5 cxb5 21. Qe2 Reb8
22. f3 a4 23. b4 Ne8 24. e4 Nd6 25. Qe3 Rc8 26. Qf4 Rxc1 27. Rxc1 Qb6 28. exd5
exd5 29. g4 Nc4 30. Nxc4 dxc4 31. Re1 Nf6 32. Re5 Rd8 33. Qd2 Nd5 34. f4 Qg6
35. h3 Qb1 36. f5 Kh8 37. Re1 Qa2 38. Bg2 Bg8 39. Bxd5 Rxd5 40. f6 Kh7 41. Qc2+
Kh8 42. Qe4 c3 43. Bxc3 Qc4 44. Qf3 Kh7 45. Re3 gxf6 46. Qxf6 Qa2 47. Qc6 Qb1+
48. Kg2 Qc1 49. Re2 Rg5 50. d5 Qf4 51. Bd2 Rxg4+ 52. hxg4 Qxg4+ 53. Kf2 1-0

[Event "Reggio Emilia 9192"]
[Site "Reggio Emilia"]
[Date "1992.??.??"]
[Round "4"]
[White "Gurevich, Mikhail"]
[Black "Anand, Viswanathan"]
[Result "1-0"]
[WhiteElo "2630"]
[BlackElo "2650"]
[PlyCount "109"]
[EventDate "1991.12.??"]
[Source "ChessBase"]

1. d4 Nf6 2. c4 c6 3. Nf3 d5 4. e3 Bf5 5. cxd5 cxd5 6. Qb3 Qc7 7. Nc3 e6 8. Bd2
Nc6 9. Bb5 Bd6 10. Rc1 Rb8 11. Nh4 Be4 12. f3 Bg6 13. Nxg6 hxg6 14. f4 a6 15.
Bd3 Nd7 16. Qd1 Qd8 17. Qg4 Rh6 18. h3 f5 19. Qf3 Nf6 20. O-O Kf7 21. Qe2 Qd7
22. a3 Rhh8 23. Rfd1 Ne7 24. Be1 Rbc8 25. Na2 Rxc1 26. Rxc1 Rc8 27. Rxc8 Qxc8
28. g4 Ne4 29. Kg2 Qc6 30. Qd1 Ng8 31. Nc1 Ngf6 32. Be2 Nd7 33. Ba5 Nb6 34.
Bxb6 Qxb6 35. Nd3 Qa5 36. g5 Ke7 37. Qc2 Qd2 38. Qxd2 Nxd2 39. Kf2 b5 40. Bd1
Nc4 41. Ke2 Nb6 42. Bb3 a5 43. Kd2 Nc4+ 44. Bxc4 bxc4 45. Ne1 Ke8 46. Kc3 Kd7
47. Nf3 Ke8 48. Kc2 Kf7 49. Ne5+ Bxe5 50. fxe5 Ke7 51. b3 Kd7 52. bxc4 dxc4 53.
Kc3 Kc6 54. Kxc4 a4 55. h4 1-0

[Event "Reggio Emilia 9192"]
[Site "Reggio Emilia"]
[Date "1992.??.??"]
[Round "6"]
[White "Anand, Viswanathan"]
[Black "Karpov, Anatoly"]
[Result "1/2-1/2"]
[WhiteElo "2650"]
[BlackElo "2730"]
[PlyCount "53"]
[EventDate "1991.12.??"]
[Source "ChessBase"]

1. e4 c6 2. d4 d5 3. e5 Bf5 4. Nf3 e6 5. Be2 c5 6. O-O Nc6 7. c3 Bg4 8. Nbd2
cxd4 9. cxd4 Nge7 10. h3 Bxf3 11. Nxf3 Nf5 12. Rb1 Qb6 13. Be3 Be7 14. b4 O-O
15. Bd3 Nxe3 16. fxe3 Rac8 17. Kh1 Qd8 18. Qe1 a6 19. b5 axb5 20. Rxb5 Rb8 21.
Qb1 h6 22. e4 Nxd4 23. Nxd4 dxe4 24. Nxe6 fxe6 25. Rxf8+ Bxf8 26. Bxe4 Qd4 27.
Qd3 1/2-1/2

[Event "Reggio Emilia 9192"]
[Site "Reggio Emilia"]
[Date "1992.??.??"]
[Round "8"]
[White "Anand, Viswanathan"]
[Black "Gelfand, Boris"]
[Result "1/2-1/2"]
[WhiteElo "2650"]
[BlackElo "2665"]
[PlyCount "88"]
[EventDate "1991.12.??"]
[Source "ChessBase"]

1. e4 c5 2. Nc3 d6 3. f4 Nc6 4. Nf3 g6 5. Bc4 Bg7 6. O-O e6 7. d3 Nge7 8. Qe1
h6 9. Bb3 a6 10. a4 Rb8 11. Qg3 Nd4 12. Nxd4 cxd4 13. Ne2 b5 14. axb5 axb5 15.
Qf2 Qb6 16. f5 exf5 17. exf5 gxf5 18. Ng3 Be5 19. Bf4 Be6 20. Rae1 Qc7 21. Nh5
Kd7 22. Re2 Rbf8 23. Bxe6+ fxe6 24. c3 Bxf4 25. Nxf4 e5 26. Rfe1 Rf7 27. Nh5
dxc3 28. d4 Qb6 29. bxc3 Rc8 30. dxe5 Qxf2+ 31. Kxf2 dxe5 32. Rd1+ Ke6 33. Nf4+
Kf6 34. Rd6+ Kg7 35. Rxe5 Ng8 36. Rxb5 Nf6 37. Kf1 Rxc3 38. Rxf5 Rc1+ 39. Ke2
Re7+ 40. Ne6+ Kg6 41. Re5 Rc8 42. Re3 Rce8 43. Kd3 Rd7 44. Rg3+ Kh7 1/2-1/2

[Event "Goodricke op 3rd"]
[Site "Calcutta"]
[Date "1992.??.??"]
[Round "4"]
[White "Norwood, David"]
[Black "Anand, Viswanathan"]
[Result "1/2-1/2"]
[WhiteElo "2495"]
[BlackElo "2670"]
[PlyCount "29"]
[EventDate "1992.01.??"]
[Source "ChessBase"]

1. Nf3 Nf6 2. g3 g6 3. Bg2 Bg7 4. O-O O-O 5. d4 d5 6. Bf4 c6 7. c3 Nbd7 8. Qc1
Re8 9. Re1 Nb6 10. Nbd2 Bg4 11. Ne5 Bf5 12. Ndf3 Ne4 13. Nh4 Bf6 14. Nd3 Nd6
15. Nc5 1/2-1/2

[Event "Dortmund"]
[Site "Dortmund"]
[Date "1992.??.??"]
[Round "3"]
[White "Anand, Viswanathan"]
[Black "Bareev, Evgeny"]
[Result "1-0"]
[WhiteElo "2670"]
[BlackElo "2635"]
[PlyCount "111"]
[EventDate "1992.04.??"]
[Source "ChessBase"]

1. e4 e6 2. d4 d5 3. Nc3 Nf6 4. e5 Nfd7 5. f4 c5 6. Nf3 Nc6 7. Be3 a6 8. Qd2 b5
9. dxc5 Bxc5 10. Bxc5 Nxc5 11. Qf2 Qb6 12. Bd3 Rb8 13. O-O Nb4 14. Rfd1 O-O 15.
Ne2 Bd7 16. Ned4 Nbxd3 17. cxd3 Na4 18. b4 a5 19. a3 Rfc8 20. Rdc1 axb4 21.
axb4 Rxc1+ 22. Rxc1 Rc8 23. Rxc8+ Bxc8 24. Qc2 Bd7 25. Kf2 Kf8 26. g4 Ke8 27.
Ke3 f6 28. h4 Qb8 29. Qc1 Kf8 30. Ke2 Kf7 31. Qe3 Qf8 32. f5 Qe8 33. g5 exf5
34. gxf6 gxf6 35. Qh6 fxe5 36. Qxh7+ Kf6 37. Qh6+ Kf7 38. Ng5+ Ke7 39. Qg7+ Kd6
40. Nf7+ Kc7 41. Nxe5 Nb6 42. Nxb5+ Kb8 43. Nd4 Qh5+ 44. Ndf3 Be8 45. Kf2 f4
46. Qe7 Nc8 47. Qf6 Kb7 48. Qxf4 Qh8 49. Ng5 Qh6 50. Kg3 Nd6 51. Qf3 Bc6 52.
Ngf7 Nxf7 53. Qxf7+ Kb6 54. Qf4 Qe6 55. h5 Bb7 56. Qf6 1-0

[Event "Manila ol (Men)"]
[Site "Manila"]
[Date "1992.??.??"]
[Round "?"]
[White "Gausel, Einar"]
[Black "Anand, Viswanathan"]
[Result "1/2-1/2"]
[WhiteElo "2445"]
[BlackElo "2670"]
[PlyCount "47"]
[EventDate "1992.06.??"]
[Source "ChessBase"]

1. Nf3 c5 2. c4 g6 3. g3 Bg7 4. Bg2 Nc6 5. Nc3 Nh6 6. d4 cxd4 7. Nxd4 O-O 8.
Nc2 d6 9. Bd2 Bd7 10. O-O Rc8 11. b3 Ng4 12. h3 Nf6 13. Rc1 a6 14. Ne3 Be6 15.
Ned5 Bxd5 16. Nxd5 Nxd5 17. cxd5 Nd4 18. Rxc8 Qxc8 19. e3 Nb5 20. Qb1 Nc3 21.
Bxc3 Qxc3 22. Rc1 Qb4 23. Rc4 Qb6 24. Qc2 1/2-1/2

[Event "Manila ol (Men)"]
[Site "Manila"]
[Date "1992.??.??"]
[Round "?"]
[White "Torre, Eugenio"]
[Black "Anand, Viswanathan"]
[Result "1/2-1/2"]
[WhiteElo "2555"]
[BlackElo "2670"]
[PlyCount "76"]
[EventDate "1992.06.??"]
[Source "ChessBase"]

1. e4 c5 2. c3 d6 3. d4 Nf6 4. Bd3 g6 5. Nf3 Bg7 6. O-O O-O 7. h3 Qc7 8. Re1
Rd8 9. Bg5 e5 10. dxe5 dxe5 11. Qe2 h6 12. Bxf6 Bxf6 13. Nbd2 Nd7 14. Bc4 Nb6
15. Bb3 Bd7 16. a4 a5 17. Nc4 Bc6 18. Qe3 Nxc4 19. Bxc4 Kg7 20. Qxc5 b6 21. Qe3
Rd7 22. Qe2 Rad8 23. Bb5 Bxb5 24. Qxb5 Rd3 25. Qb3 Qc6 26. Re2 h5 27. Qc2 Qe6
28. Kh2 Be7 29. Rd2 Rxd2 30. Nxd2 Qf6 31. Kg1 Bc5 32. Nb3 Bf8 33. Rd1 Rxd1+ 34.
Qxd1 Qc6 35. Nd2 b5 36. axb5 Qxb5 37. b4 axb4 38. cxb4 Qxb4 1/2-1/2

[Event "Brussels SWIFT rapid"]
[Site "Brussels"]
[Date "1992.??.??"]
[Round "?"]
[White "Adams, Michael"]
[Black "Anand, Viswanathan"]
[Result "1/2-1/2"]
[WhiteElo "2620"]
[BlackElo "2670"]
[PlyCount "107"]
[EventDate "1992.07.??"]
[Source "ChessBase"]

1. e4 e5 2. Nf3 Nc6 3. Bb5 a6 4. Ba4 Nf6 5. O-O Be7 6. Bxc6 dxc6 7. Nc3 Bg4 8.
Qe2 O-O 9. Nd1 c5 10. Ne3 Bh5 11. d3 Nd7 12. Bd2 Re8 13. Bc3 Bg5 14. h3 Bf4 15.
g4 Bg6 16. Ng2 Nf8 17. Nxf4 exf4 18. Qd2 Ne6 19. Kg2 c4 20. Rad1 cxd3 21. cxd3
c5 22. Rfe1 Qe7 23. b3 Rad8 24. Qc1 b5 25. Be5 Qb7 26. Ba1 f6 27. Qc3 Rc8 28.
Nh4 Red8 29. Nf5 f3+ 30. Kxf3 Ng5+ 31. Kg3 Bxf5 32. gxf5 c4 33. bxc4 bxc4 34.
f3 cxd3 35. Qb3+ Qxb3 36. axb3 d2 37. Rf1 Rd3 38. Kg2 Rc2 39. h4 Nf7 40. Kf2
Nd8 41. Ke2 Rd7 42. Ke3 Nc6 43. Rf2 Rc1 44. Rff1 Rc2 45. Rf2 Na5 46. Rfxd2
Rcxd2 47. Rxd2 Rxd2 48. Kxd2 Nxb3+ 49. Kc3 Nxa1 50. h5 g6 51. fxg6 hxg6 52.
hxg6 Kg7 53. Kb2 Kxg6 54. f4 1/2-1/2

[Event "Brussels SWIFT rapid"]
[Site "Brussels"]
[Date "1992.??.??"]
[Round "?"]
[White "Beliavsky, Alexander G"]
[Black "Anand, Viswanathan"]
[Result "1/2-1/2"]
[WhiteElo "2620"]
[BlackElo "2670"]
[PlyCount "143"]
[EventDate "1992.07.??"]
[Source "ChessBase"]

1. d4 d5 2. c4 c6 3. Nf3 Nf6 4. Nc3 e6 5. Bg5 h6 6. Bxf6 Qxf6 7. e3 Bd6 8. Bd3
Qe7 9. c5 Bc7 10. e4 dxe4 11. Nxe4 Nd7 12. O-O O-O 13. Re1 Rd8 14. Rc1 Nf8 15.
b4 Bd7 16. a4 Be8 17. Qb3 Rab8 18. Qc3 b6 19. cxb6 Bxb6 20. Nc5 Bxc5 21. dxc5
Qb7 22. Rb1 Nd7 23. Bc2 Nf6 24. Ne5 Qc7 25. Nc4 Nd5 26. Qd3 g6 27. Qa3 Qf4 28.
Be4 Qf6 29. Nd6 Qc3 30. Qxc3 Nxc3 31. Rb3 Nxe4 32. Rxe4 Kf8 33. h4 h5 34. Kh2
Ke7 35. Kg3 Bd7 36. Kf4 f6 37. Kg3 e5 38. f4 Be6 39. Rb2 Bd5 40. Re3 Rxd6 41.
cxd6+ Kxd6 42. fxe5+ fxe5 43. b5 c5 44. Rf2 Ke6 45. Re1 c4 46. Ref1 Be4 47.
Rf6+ Kd5 48. Rc6 Kd4 49. Rc7 Bd3 50. Rf6 e4 51. Rd6+ Ke3 52. Rxa7 c3 53. Rc7 c2
54. b6 Kd2 55. Kf4 e3 56. Rxc2+ Kxc2 57. Kxe3 Bf1 58. Rxg6 Kb3 59. a5 Kb4 60.
Rg5 Bb5 61. Rxh5 Kxa5 62. Rh6 Ka6 63. g4 Kb7 64. g5 Bc6 65. Rf6 Rh8 66. Rf4
Kxb6 67. g6 Kc7 68. g7 Rg8 69. Rg4 Be8 70. Rg5 Kd6 71. h5 Bxh5 72. Rxh5 1/2-1/2

[Event "Linares m"]
[Site "Linares"]
[Date "1992.??.??"]
[Round "3"]
[White "Ivanchuk, Vassily"]
[Black "Anand, Viswanathan"]
[Result "1/2-1/2"]
[WhiteElo "2720"]
[BlackElo "2690"]
[PlyCount "35"]
[EventDate "1992.09.??"]
[Source "ChessBase"]

1. e4 c5 2. Nf3 d6 3. d4 cxd4 4. Nxd4 Nf6 5. Nc3 Nc6 6. Bc4 e6 7. Bb3 a6 8. f4
Be7 9. Be3 Qc7 10. O-O b5 11. f5 Nxd4 12. Bxd4 e5 13. Bf2 Bb7 14. a3 O-O 15.
Qf3 Rac8 16. Rfe1 h6 17. h3 Bc6 18. Qd3 1/2-1/2

[Event "Tilburg"]
[Site "Tilburg"]
[Date "1992.??.??"]
[Round "2"]
[White "Anand, Viswanathan"]
[Black "Van Wely, Loek"]
[Result "1/2-1/2"]
[WhiteElo "2690"]
[BlackElo "2525"]
[PlyCount "184"]
[EventDate "1992.10.??"]
[Source "ChessBase"]

1. e4 c5 2. Nf3 d6 3. c3 Nf6 4. Bd3 Bg4 5. h3 Bxf3 6. Qxf3 Nc6 7. O-O g6 8. Re1
Bg7 9. Bf1 O-O 10. a4 a6 11. Na3 Rb8 12. Qd1 Nd7 13. Nc2 Na5 14. b4 Nb3 15. Rb1
Nxc1 16. Qxc1 Qc7 17. Ne3 e6 18. Qc2 Kh8 19. b5 a5 20. Nc4 b6 21. Qd3 Rbd8 22.
Rbd1 Ne5 23. Nxe5 dxe5 24. Qc4 Qe7 25. Qa2 h5 26. Bc4 Bh6 27. d3 h4 28. Qe2 Kg7
29. Qf3 Rh8 30. Kf1 Bf4 31. Ke2 Qg5 32. Rh1 Rh5 33. Ra1 Rdh8 34. Kd1 Qh6 35.
Kc2 Rg5 36. Rag1 Qh5 37. Qd1 Qxd1+ 38. Kxd1 Kf6 39. Ke2 Ke7 40. Bb3 f5 41. Rd1
Rxg2 42. exf5 exf5 43. Bd5 Rh2 44. Rxh2 Bxh2 45. c4 Kf6 46. Rh1 Bf4 47. Bc6 Rd8
48. f3 Rd4 49. Ba8 Bg3 50. Bc6 g5 51. Rf1 Kg7 52. Rd1 g4 53. hxg4 h3 54. gxf5
Kf6 55. Be4 Rd7 56. f4 exf4 57. Kf3 Ke5 58. Rh1 h2 59. Kg2 Rf7 60. Rc1 Kd4 61.
Kf3 Rf8 62. Rh1 Kc3 63. Rb1 Rh8 64. Kg4 Kd4 65. Bd5 Ke5 66. Rh1 Bf2 67. Rf1 Bg1
68. f6 Rg8+ 69. Kh3 Rf8 70. Re1+ Kf5 71. Kg2 Rxf6 72. Re8 Rh6 73. Kh1 Kg5 74.
Rb8 Bf2 75. Rg8+ Kf6 76. Rc8 Bg3 77. Rc6+ Kg5 78. Bf3 Rf6 79. Rxf6 Kxf6 80. d4
cxd4 81. c5 Ke7 82. cxb6 Kd6 83. b7 Kc7 84. Kg2 d3 85. Kh1 Bf2 86. Kxh2 Ba7 87.
Kg2 Kd6 88. Kf1 Kc5 89. Ke1 Kb4 90. b6 Bb8 91. Bc6 Kc3 92. Kd1 Be5 1/2-1/2

[Event "FRA"]
[Site "France"]
[Date "1993.??.??"]
[Round "?"]
[White "Rausis, Igors"]
[Black "Anand, Viswanathan"]
[Result "1/2-1/2"]
[WhiteElo "2560"]
[BlackElo "2710"]
[PlyCount "33"]
[EventDate "1993.??.??"]
[Source "ChessBase"]

1. e4 c5 2. Nf3 Nc6 3. c3 Nf6 4. e5 Nd5 5. d4 cxd4 6. cxd4 d6 7. Bc4 Nb6 8. Bb5
e6 9. Nc3 Bd7 10. O-O Nb4 11. Bg5 Be7 12. Ne4 dxe5 13. Nd6+ Kf8 14. Bxe7+ Qxe7
15. dxe5 Bxb5 16. Nxb5 g6 17. Rc1 1/2-1/2

[Event "Amsterdam VSB"]
[Site "Amsterdam"]
[Date "1993.??.??"]
[Round "2"]
[White "Anand, Viswanathan"]
[Black "Short, Nigel D"]
[Result "1/2-1/2"]
[WhiteElo "2710"]
[BlackElo "2655"]
[PlyCount "98"]
[EventDate "1993.05.??"]
[Source "ChessBase"]

1. e4 e5 2. Nf3 Nc6 3. Bb5 a6 4. Ba4 Nf6 5. O-O Be7 6. Re1 b5 7. Bb3 O-O 8. c3
d5 9. exd5 Nxd5 10. Nxe5 Nxe5 11. Rxe5 Bb7 12. d4 Bf6 13. Re1 c5 14. dxc5 Re8
15. Na3 Qc7 16. Rxe8+ Rxe8 17. Bxd5 Rd8 18. Bf4 Qxf4 19. Qf3 Qxf3 20. Bxf3 Bxf3
21. gxf3 b4 22. Nc2 bxc3 23. bxc3 Rc8 24. Rb1 h6 25. c4 Rxc5 26. Ne3 Bd4 27.
Rc1 Bxe3 28. fxe3 Kf8 29. Kf2 Ke7 30. f4 g5 31. Kf3 gxf4 32. Kxf4 Ke6 33. Ke4
Rh5 34. Rc2 Rh4+ 35. Kd3 f5 36. Rf2 Ke5 37. Rc2 Kd6 38. Rg2 Rh3 39. Rf2 Ke5 40.
c5 Ke6 41. Rc2 Kd7 42. Kd4 Kc6 43. Re2 h5 44. Rc2 Rh4+ 45. Ke5 Re4+ 46. Kxf5
Rxe3 47. Kg5 Re5+ 48. Kh4 a5 49. h3 Rd5 1/2-1/2

[Event "Amsterdam VSB"]
[Site "Amsterdam"]
[Date "1993.??.??"]
[Round "6"]
[White "Short, Nigel D"]
[Black "Anand, Viswanathan"]
[Result "1-0"]
[WhiteElo "2655"]
[BlackElo "2710"]
[PlyCount "81"]
[EventDate "1993.05.??"]
[Source "ChessBase"]

1. e4 e5 2. Nf3 Nf6 3. Nxe5 d6 4. Nf3 Nxe4 5. d4 d5 6. Bd3 Nc6 7. O-O Be7 8. c4
Nb4 9. Be2 Be6 10. Nc3 O-O 11. Be3 Bf5 12. Ne5 Bf6 13. g4 Be6 14. f4 Nxc3 15.
bxc3 Nc6 16. Bf3 Bxe5 17. dxe5 d4 18. cxd4 Bxc4 19. d5 Ne7 20. Bc5 Bxf1 21.
Kxf1 Qd7 22. Qb3 b6 23. Ba3 Rae8 24. Rd1 Ng6 25. e6 Qd8 26. f5 Ne5 27. Be2 Qh4
28. Qg3 Qxg3 29. hxg3 fxe6 30. Bxf8 Kxf8 31. dxe6 Ke7 32. g5 c6 33. g4 g6 34.
Rd4 gxf5 35. gxf5 Rf8 36. Rf4 b5 37. Ke1 h6 38. gxh6 Rh8 39. Re4 Kf6 40. e7
Kxf5 41. Rxe5+ 1-0

[Event "Biel Interzonal"]
[Site "Biel"]
[Date "1993.??.??"]
[Round "5"]
[White "Anand, Viswanathan"]
[Black "Khalifman, Alexander"]
[Result "1-0"]
[WhiteElo "2725"]
[BlackElo "2645"]
[PlyCount "123"]
[EventDate "1993.07.??"]
[Source "ChessBase"]

1. e4 c6 2. d4 d5 3. Nd2 dxe4 4. Nxe4 Nd7 5. Bc4 Ngf6 6. Ng5 e6 7. Qe2 Nb6 8.
Bb3 h6 9. N5f3 c5 10. Bf4 Nbd5 11. Be5 Qa5+ 12. Nd2 cxd4 13. Ngf3 Be7 14. Nxd4
O-O 15. O-O-O Bd7 16. Kb1 Qb6 17. c4 Nb4 18. Ne4 Nxe4 19. Qxe4 Bc5 20. Nc2 Bc6
21. Qg4 f6 22. Bc3 a5 23. Bxb4 axb4 24. Qxe6+ Kh8 25. f3 Rae8 26. Qf5 Re2 27.
Ne1 Re5 28. Qc2 Be8 29. Ka1 Re3 30. Rd2 Bf7 31. Nd3 Bg6 32. Qd1 Bxd3 33. Rxd3
Rxd3 34. Qxd3 Qd8 35. Qf5 Qc8 36. Qg6 Qe8 37. Bc2 Qxg6 38. Bxg6 Rd8 39. Re1 Kg8
40. Kb1 Kf8 41. Kc2 Rc8 42. Kb3 Ra8 43. Re2 Bd6 44. g3 Bc5 45. h4 Bd6 46. h5
Bc5 47. Re6 Kg8 48. Be4 Rb8 49. Ka4 Kf7 50. Bd5 Kf8 51. Kb5 b6 52. Rc6 Re8 53.
Rxb6 Bxb6 54. Kxb6 Re2 55. c5 Ke7 56. Bb3 Kd7 57. Bc4 Re5 58. f4 Re7 59. f5 Kc8
60. c6 Kb8 61. Be6 Ra7 62. a3 1-0

[Event "Groningen PCA"]
[Site "Groningen"]
[Date "1993.??.??"]
[Round "2"]
[White "Anand, Viswanathan"]
[Black "Tiviakov, Sergei"]
[Result "1/2-1/2"]
[WhiteElo "2725"]
[BlackElo "2635"]
[PlyCount "40"]
[EventDate "1993.12.??"]
[Source "ChessBase"]

1. e4 c5 2. Nf3 Nc6 3. d4 cxd4 4. Nxd4 g6 5. c4 Nf6 6. Nc3 d6 7. Be2 Nxd4 8.
Qxd4 Bg7 9. Bg5 O-O 10. Qe3 Be6 11. O-O Qb6 12. Rab1 Qxe3 13. Bxe3 Rfc8 14. b3
Nd7 15. Nd5 Bxd5 16. exd5 Nc5 17. Rbc1 a5 18. Rc2 Na6 19. a3 b5 20. Rfc1 b4
1/2-1/2

[Event "Groningen PCA"]
[Site "Groningen"]
[Date "1993.??.??"]
[Round "3"]
[White "Romanishin, Oleg M"]
[Black "Anand, Viswanathan"]
[Result "1/2-1/2"]
[WhiteElo "2615"]
[BlackElo "2725"]
[PlyCount "52"]
[EventDate "1993.12.??"]
[Source "ChessBase"]

1. d4 Nf6 2. Nf3 g6 3. g3 Bg7 4. Bg2 O-O 5. c4 d5 6. cxd5 Nxd5 7. O-O Nb6 8.
Nc3 Nc6 9. d5 Na5 10. Qc2 c6 11. dxc6 Nxc6 12. Rd1 Bf5 13. e4 Bd7 14. Bf4 Rc8
15. Qc1 Qe8 16. h3 Na4 17. e5 Nxc3 18. bxc3 Nd8 19. Bh6 Bc6 20. Bxg7 Kxg7 21.
Qa3 a6 22. Rab1 Ne6 23. Nd4 Nxd4 24. cxd4 e6 25. h4 Bxg2 26. Kxg2 Qc6+ 1/2-1/2

[Event "PCA-Wch Candidates m2"]
[Site "New York"]
[Date "1994.??.??"]
[Round "6"]
[White "Anand, Viswanathan"]
[Black "Romanishin, Oleg M"]
[Result "1/2-1/2"]
[WhiteElo "2715"]
[BlackElo "2585"]
[PlyCount "73"]
[EventDate "1994.06.??"]
[Source "ChessBase"]

1. e4 e5 2. Nf3 Nc6 3. Bb5 a6 4. Ba4 Nf6 5. O-O Be7 6. Re1 b5 7. Bb3 d6 8. c3
Bg4 9. d3 Na5 10. Bc2 c5 11. h3 Bd7 12. d4 Qc7 13. Nbd2 cxd4 14. cxd4 Rc8 15.
Bb1 O-O 16. Nf1 Rfe8 17. d5 Nh5 18. Bd3 Bf6 19. Ne3 Nf4 20. Bf1 g6 21. Bd2 Bg7
22. Rc1 Qb6 23. b4 Rxc1 24. Qxc1 Nb7 25. Qb1 Rc8 26. Rc1 Rc7 27. Ng4 Nd8 28.
Ne3 Qb8 29. Rxc7 Qxc7 30. Qb3 f6 31. Nd1 Nf7 32. Qa3 Qc2 33. Nc3 Ng5 34. Nxg5
Qxd2 35. Nf3 Qc2 36. Ne1 Qd2 37. Nf3 1/2-1/2

[Event "EUCup final"]
[Site "Lyon"]
[Date "1994.??.??"]
[Round "?"]
[White "Anand, Viswanathan"]
[Black "Sokolov, Ivan"]
[Result "0-1"]
[WhiteElo "2720"]
[BlackElo "2625"]
[PlyCount "106"]
[EventDate "1994.11.??"]
[Source "ChessBase"]

1. e4 e5 2. Nf3 Nc6 3. Bb5 a6 4. Ba4 Nf6 5. O-O Nxe4 6. d4 b5 7. Bb3 d5 8. dxe5
Be6 9. Nbd2 Nc5 10. c3 d4 11. Ng5 Bd5 12. Bxd5 Qxd5 13. Nb3 Nxb3 14. axb3 Be7
15. Nf3 Nxe5 16. Nxd4 Ng6 17. Qf3 Qxf3 18. Nxf3 c5 19. Rd1 O-O 20. Be3 Rfc8 21.
Kf1 Nf8 22. Ne5 Bf6 23. Rd5 Bxe5 24. Rxe5 Ne6 25. f4 g6 26. g4 Kg7 27. f5 gxf5
28. gxf5 Kf6 29. Rd5 Rd8 30. Rad1 Rxd5 31. Rxd5 Rd8 32. Rxd8 Nxd8 33. Bxc5 Kxf5
34. Ke2 Ke4 35. Be7 Ne6 36. Bf6 Nf4+ 37. Kd2 Nd5 38. Bg7 f5 39. Bf8 Ne3 40. Ke2
f4 41. Bd6 f3+ 42. Ke1 Nc2+ 43. Kd2 Na1 44. b4 Nb3+ 45. Ke1 Nc1 46. Kf1 Nd3 47.
b3 Nc1 48. c4 Nxb3 49. c5 Nd4 50. Bg3 Nc6 51. Be1 Ke3 52. Bf2+ Kd3 53. Be1 a5
0-1